Ponencia de Don Enrique Prat de la Riba acerca de los ferrocarriles secundarios : abril de 1907 abril de 1907
Descripción Física:
110 p. ; 22 cm
Materias:
Ferrocarrils -- Catalunya -- Projectes
MARC
| LEADER | 00000nam a2200000Ia 4500 | ||
|---|---|---|---|
| 001 | 8763 | ||
| 008 | 160829s9999 xx 000 0 cat d | ||
| 080 | |a C-1-332 | ||
| 100 | |a Prat de la Riba, Enric, |d 1870-1917 |9 25299 | ||
| 245 | |a Ponencia de Don Enrique Prat de la Riba acerca de los ferrocarriles secundarios : |b abril de 1907 | ||
| 260 | |a Barcelona : |b Diputación Provincial de Barcelona, [1907?] | ||
| 300 | |a 110 p. ; |c 22 cm | ||
| 650 | |a Ferrocarrils |x Catalunya |x Projectes |9 46718 | ||
| 710 | 1 | |a Barcelona (Catalunya : Província). |b Diputació |9 52408 | |
| 901 | |a Arxiu | ||
| 942 | |n 1 | ||
| 952 | |0 0 |1 0 |4 0 |6 C1332 |7 1 |9 47638 |a Arxiu |b Arxiu |d 2016-12-01 |l 0 |o C-1-332 |p 8763 |r 2016-12-01 00:00:00 |w 2016-12-01 |y ARXIU | ||
| 999 | |c 51437 |d 51437 | ||